Statistics for Official James Bond Films

Click here to take the quiz!

General Stats

  • This quiz has been taken 2,622 times
    (2,604 since last reset)
  • The average score is 16 of 23

Answer Stats

Starring and Released Film % Correct
Sean Connery - 1962Dr. No
91%
Daniel Craig - 2006Casino Royale
91%
Sean Connery - 1964GoldFinger
91%
Daniel Craig - 2012Skyfall
89%
Pierce Brosnan - 1995GoldenEye
82%
Sean Connery - 1963From Russia With Love
80%
Roger Moore - 1983Octopussy
78%
Daniel Craig - 2008Quantum of Solace
78%
Roger Moore - 1979Moonraker
77%
Roger Moore - 1973Live and Let Die
73%
Pierce Brosnan - 2002Die Another Day
71%
Sean Connery - 1965Thunderball
69%
George Lazenby - 1969On Her Majesty's Secret Service
69%
Sean Connery - 1971Diamonds Are Forever
68%
Roger Moore - 1974The Man With The Golden Gun
68%
Sean Connery - 1967You Only Live Twice
63%
Roger Moore - 1977The Spy Who Loved Me
63%
Pierce Brosnan - 1997Tomorrow Never Dies
63%
Pierce Brosnan - 1999The World Is Not Enough
61%
Timothy Dalton - 1987The Living Daylights
55%
Roger Moore - 1985A View To A Kill
54%
Timothy Dalton - 1989Licence to Kill
49%
Roger Moore - 1981For Your Eyes Only
46%

Score Distribution

Percentile by Number Answered

Percent of People with Each Score

Your Score History

You have not taken this quiz since the last reset